عرض عادي عرض مارك
  • Electronic commerce

مدخل مصطلح موضوعي

عدد التسجيلات المستخدمة في: 1

001 - رقم الضبط

  • حقل الضبط: 36394

003 - معرف رقم الضبط

  • حقل الضبط: OSt

005 - تاريخ ووقت أخر عملية

  • حقل الضبط: 20130804150130.0

008 - عناصر بيانات ثابتة الطول

  • حقل تحكم ثابت الطول: 130804|||a|||||| | ||| d

040 ## - مصدر الفهرسة

  • هيئة الفهرسة الأصلية: OSt
  • وكالة الكتابة: OSt

150 ## - مدخل-- مصطلح تاريخي

  • عنصر مدخل المصطلح الموضوعي او الاسم الجغرافي: Electronic commerce
  • تفريع عام: Security measures
  • تفريع جغرافي: India

670 ## - بيانات المصدر موجوده

  • الاستشهاد بالمصدر: Work cat.: (OSt): 36274 Jayan, Shanmugham D. , electronic signature : , 2011.